Normal view
MARC view
- المكتبة المدرسية-خدمات
Entry Topical Term
001 - CONTROL NUMBER
- control field: 10655
003 - CONTROL NUMBER IDENTIFIER
- control field: JO-AjAnu
005 - DATE AND TIME OF LATEST TRANSACTION
- control field: 20230606072017.0
008 - FIXED-LENGTH DATA ELEMENTS
- fixed length control field: 230606|| aca||aabn | a|a d
040 ## - CATALOGING SOURCE
- Original cataloging agency: JO-AjAnu
- Transcribing agency: JO-AjAnu
150 ## - HEADING--TOPICAL TERM
- Topical term or geographic name entry element: المكتبة المدرسية-خدمات
670 ## - SOURCE DATA FOUND
- Source citation: Work cat.: (JO-AjAnu)5485: تاليف دوجلاس ، مارى بيكوك /تعريب عبدالرحمن الشيخ, author 10654, مكتبة المدرسة الابتدائية وما تؤديه من خدمات